[Event "AUTO-MASTER-521"]
[Site "http://www.queenalice.com/game.php?id=401500"]
[Date "2008.5.11"]
[Round "1"]
[White "stoyan1"]
[Black "pnasc"]
[Result "0-1"]
[WhiteElo "1834"]
[BlackElo "2092"]

1. e4 c5 2. Nf3 d6 3. Bc4 e6 4. O-O a6 5. d4 b5 6. Be2 cxd4 7. Nxd4 Nf6 8. Bg5
Be7 9. Bd3 Bb7 10. Bxf6 Bxf6 11. c3 Nc6 12. Nxc6 Bxc6 13. Nd2 O-O 14. a3 Rc8 15.
f4 Qb6+ 16. Kh1 e5 17. f5 d5 18. exd5 Bxd5 19. Ne4 Bxe4 20. Bxe4 a5 21. Qf3 Rfd8
22. Rad1 b4 23. axb4 axb4 24. Rxd8+ Rxd8 25. Rd1 bxc3 26. bxc3 Rxd1+ 27. Qxd1
Qe3 28. Qb1 h5 29. c4 h4 30. h3 Bg5 31. Bd5 Bf4 32. Qg1 Qg3 33. Bf3 Qg5 34. Bg4
Be3 35. Qd1 Qf4 36. Qd8+ Kh7 37. Qxh4+ Qh6 38. Qe7 Bd4 39. Qa3 Qd2 40. Qb3 Qe1+
41. Kh2 Bg1+ 42. Kh1 Bf2+ 0-1

[Event "AUTO-MASTER-521"]
[Site "http://www.queenalice.com/game.php?id=401501"]
[Date "2008.5.11"]
[Round "1"]
[White "pnasc"]
[Black "stoyan1"]
[Result "1-0"]
[WhiteElo "2118"]
[BlackElo "1838"]

1. e4 e5 2. Nf3 d6 3. d4 exd4 4. Nxd4 c5 5. Nf3 Nc6 6. Bc4 Be6 7. Bd5 Bxd5 8.
Qxd5 Nf6 9. Qd3 a6 10. Bg5 h6 11. Bxf6 Qxf6 12. Nc3 Ne5 13. Nxe5 Qxe5 14. O-O-O
Be7 15. g3 b5 16. f4 Qh5 17. Nd5 Ra7 18. Nxe7 Rxe7 19. Qxd6 O-O 20. Qxe7 f6 21.
Rd7 Rf7 22. Qxf7+ 1-0

[Event "AUTO-MASTER-521"]
[Site "http://www.queenalice.com/game.php?id=401510"]
[Date "2008.5.11"]
[Round "1"]
[White "armesto65"]
[Black "pnasc"]
[Result "1-0"]
[WhiteElo "2045"]
[BlackElo "2138"]

1. e4 c5 2. Nf3 d6 3. d4 cxd4 4. Nxd4 Nf6 5. Nc3 a6 6. Bg5 e6 7. Be2 Qa5 8. Qd2
Be7 9. Nb3 Qc7 10. O-O-O Nbd7 11. f4 O-O 12. Bf3 b5 13. e5 1-0

[Event "AUTO-MASTER-521"]
[Site "http://www.queenalice.com/game.php?id=401511"]
[Date "2008.5.11"]
[Round "1"]
[White "pnasc"]
[Black "armesto65"]
[Result "0-1"]
[WhiteElo "2097"]
[BlackElo "2112"]

1. e4 e6 2. d4 d5 3. Nc3 Bb4 4. e5 c5 5. a3 Bxc3+ 6. bxc3 Ne7 7. Qg4 Ng6 8. h4
h5 9. Qg3 c4 10. a4 Nc6 11. Ba3 Nce7 12. Nf3 Nf5 13. Qh3 Bd7 14. Bc1 Qa5 15. Bd2
Bxa4 16. g4 Nf4 17. Qh2 hxg4 18. Qxf4 gxf3 19. Bh3 Nxh4 20. Kf1 Ng6 21. Qxf3 b5
22. Ke2 Qc7 23. Bg5 Bxc2 24. Ra6 Be4 25. Qg4 Bxh1 26. Rxe6+ fxe6 27. Qxe6+ Ne7
28. Bf5 Be4 29. Bg4 Rb8 30. f3 Rb6 0-1

[Event "AUTO-OPEN-1129"]
[Site "http://www.queenalice.com/game.php?id=401737"]
[Date "2008.5.12"]
[Round "1"]
[White "SPQR_Gladiatore"]
[Black "pnasc"]
[Result "1-0"]
[WhiteElo "1412"]
[BlackElo "1970"]

1. e4 c5 2. Nf3 d6 3. Bc4 e6 4. d4 cxd4 5. Qxd4 Nc6 6. Qd3 Nf6 7. O-O Qc7 8. Bg5
a6 9. Nc3 Nb4 10. Qe2 Be7 11. Bb5+ axb5 12. Qxb5+ Nc6 13. Bxf6 Bxf6 14. Rae1 1-0

[Event "AUTO-OPEN-1129"]
[Site "http://www.queenalice.com/game.php?id=401738"]
[Date "2008.5.12"]
[Round "1"]
[White "pnasc"]
[Black "SPQR_Gladiatore"]
[Result "0-1"]
[WhiteElo "1940"]
[BlackElo "1442"]

1. e4 e5 2. Nf3 Nc6 3. Bc4 h6 4. d4 Nf6 5. dxe5 Nxe4 6. Qd5 Qe7 7. Qxe4 g6 8.
O-O d6 9. Re1 f5 10. Qd5 Be6 11. Qxe6 Nd8 12. Qxg6+ Kd7 13. Qxf5+ Ne6 14. exd6
cxd6 0-1

[Event "AUTO-OPEN-1129"]
[Site "http://www.queenalice.com/game.php?id=401763"]
[Date "2008.5.12"]
[Round "1"]
[White "BEBADO"]
[Black "pnasc"]
[Result "1-0"]
[WhiteElo "2049"]
[BlackElo "2086"]

1. d4 Nf6 2. c4 g6 3. Nc3 Bg7 4. e4 d6 5. f3 O-O 6. Be3 e5 7. Nge2 c6 8. Qd2
exd4 9. Nxd4 d5 10. e5 Ne8 11. cxd5 Bxe5 12. dxc6 Qh4+ 13. Bf2 Qf6 14. cxb7 Bxb7
15. Be2 Nc6 16. Nxc6 Bxc6 17. O-O Rd8 18. Qc2 Nd6 19. Rad1 Nf5 20. Ne4 Bxe4 21.
fxe4 Nd4 22. Bxd4 Bxd4+ 23. Kh1 Qb6 24. b3 Rc8 25. Bc4 Kg7 26. Rf3 a5 27. Rfd3
Be5 28. Rd7 Qe3 29. Rf1 Kh8 30. Qe2 Qh6 31. h3 f5 32. exf5 Bg7 33. fxg6 Rxf1+
34. Qxf1 Qxg6 35. Qd1 Qg5 36. Qd2 Qf6 37. Rf7 Qa1+ 38. Rf1 Qe5 39. Qd5 Qg3 40.
Qf5 Rd8 41. Qxa5 Rb8 42. Qe1 Qg5 43. a4 Be5 44. a5 Bc7 45. a6 Qc5 46. Rf7 Qg5
47. Rxc7 1-0

[Event "AUTO-OPEN-1129"]
[Site "http://www.queenalice.com/game.php?id=401764"]
[Date "2008.5.12"]
[Round "1"]
[White "pnasc"]
[Black "BEBADO"]
[Result "1/2-1/2"]
[WhiteElo "2100"]
[BlackElo "2178"]

1. e4 e6 2. d4 c5 3. Nf3 cxd4 4. Nxd4 Nc6 5. Nc3 Qc7 6. Be3 a6 7. Bd3 Nf6 8. O-O
Ne5 9. Be2 b5 10. Bf4 d6 11. Kh1 Be7 12. a3 Bb7 13. Bxe5 dxe5 14. Nb3 Nxe4 15.
Nxe4 Bxe4 16. Rc1 O-O 17. c4 Rfd8 18. Qe1 Qb7 19. f3 Bg6 20. cxb5 axb5 21. Na5
Qb6 22. Nc6 Rd7 23. Nxe7+ Rxe7 24. Qb4 Rb7 25. Rc5 Rab8 26. Rfc1 h5 27. Rxb5
Qxb5 28. Bxb5 Rxb5 29. Qd6 Rxb2 30. h3 e4 31. Rc3 exf3 32. Rxf3 Rc8 33. Rg3 Rcc2
34. Qd4 Re2 35. a4 e5 36. Qd7 Kh7 37. a5 Be4 38. Qxf7 Bxg2+ 39. Rxg2 Rxg2 40.
Qxh5+ Kg8 41. Qxe5 Rge2 42. Qd5+ Kf8 43. Qd8+ Kf7 44. Qd7+ Kg6 45. Qg4+ Kf6 46.
Qg1 Ra2 47. a6 Re6 48. Qd4+ Kf7 49. Qf4+ 1/2-1/2

[Event "AUTO-OPEN-1129"]
[Site "http://www.queenalice.com/game.php?id=401779"]
[Date "2008.5.12"]
[Round "1"]
[White "punk"]
[Black "pnasc"]
[Result "0-1"]
[WhiteElo "1212"]
[BlackElo "2101"]

1. e4 c5 2. Nf3 d6 3. d4 cxd4 4. Nxd4 Nf6 5. Nc3 a6 6. Be2 e5 7. Nf3 Be6 8. Ng5
Be7 9. Nxe6 fxe6 10. Be3 O-O 11. f3 d5 12. exd5 exd5 13. Bf2 Nc6 14. O-O Qd7 15.
a3 Rae8 16. Bd3 Bd6 17. Re1 e4 18. fxe4 Bxh2+ 19. Kxh2 Ng4+ 20. Kg1 Nxf2 21. Qh5
Re5 22. Qh4 dxe4 23. Nxe4 Nxd3 24. cxd3 Qd4+ 25. Kh1 Qxd3 26. Rad1 Rxe4 27. Qxe4
Rf1+ 28. Kh2 Qxe4 29. Rxf1 h5 0-1

[Event "AUTO-OPEN-1129"]
[Site "http://www.queenalice.com/game.php?id=401780"]
[Date "2008.5.12"]
[Round "1"]
[White "pnasc"]
[Black "punk"]
[Result "0-1"]
[WhiteElo "2122"]
[BlackElo "1212"]

1. e4 c5 2. Nf3 e6 3. d4 cxd4 4. Nxd4 Nc6 5. c4 Bc5 6. Nc2 d6 7. Nc3 a6 8. Be2
Nf6 9. O-O O-O 10. Kh1 e5 11. Bg5 h6 12. Bxf6 Qxf6 13. Nd5 Qg6 14. Bd3 Be6 15.
b4 Ba7 16. b5 Bxd5 17. exd5 e4 18. bxc6 exd3 19. Nb4 bxc6 20. Nxc6 Kh8 21. Qd2
Rfe8 22. Rfe1 Bc5 23. Re7 Rxe7 24. Nxe7 Qe4 25. Re1 Qxc4 0-1

[Event "AUTO-ADV-866"]
[Site "http://www.queenalice.com/game.php?id=436992"]
[Date "2008.7.22"]
[Round "2"]
[White "jonathanodonnell"]
[Black "pnasc"]
[Result "1-0"]
[WhiteElo "1902"]
[BlackElo "1989"]

1. e4 c5 2. Nf3 d6 3. d4 cxd4 4. Nxd4 Nf6 5. Nc3 a6 6. Be3 Ng4 7. Bg5 h6 8. Bh4
g5 9. Bg3 Bg7 10. Be2 h5 11. Bxg4 Bxg4 12. f3 Bd7 13. Bf2 Nc6 14. Qd2 Qa5 15.
O-O-O Rc8 16. h4 gxh4 17. Rxh4 Ne5 18. Nb3 Qd8 19. Nd5 1-0

[Event "AUTO-ADV-866"]
[Site "http://www.queenalice.com/game.php?id=436993"]
[Date "2008.7.22"]
[Round "2"]
[White "pnasc"]
[Black "jonathanodonnell"]
[Result "0-1"]
[WhiteElo "2029"]
[BlackElo "1871"]

1. e4 c6 2. d4 d5 3. Nc3 dxe4 4. Nxe4 Nd7 5. Bd3 Ngf6 6. Qe2 e6 7. Bg5 Be7 8.
Bxf6 Nxf6 9. Nf3 Nd5 10. Qd2 Qb6 11. O-O O-O 12. c4 Bb4 13. Qg5 f6 14. Qh4 Ne7
15. Nxf6+ Rxf6 16. Qxh7+ Kf7 0-1

[Event "Challenge"]
[Site "http://www.queenalice.com/game.php?id=451808"]
[Date "2008.8.22"]
[Round "-"]
[White "pnasc"]
[Black "KLEOJ"]
[Result "0-1"]
[WhiteElo "2007"]
[BlackElo "2176"]

1. e4 c5 2. Nf3 e6 3. d4 cxd4 4. Nxd4 a6 5. c4 Nf6 6. Bd3 Nc6 7. Nc2 d5 8. exd5
exd5 9. O-O Be7 10. Nc3 O-O 0-1

[Event "AUTO-OPEN-1084"]
[Site "http://www.queenalice.com/game.php?id=452143"]
[Date "2008.8.22"]
[Round "2"]
[White "pnasc"]
[Black "REUSKING"]
[Result "0-1"]
[WhiteElo "2084"]
[BlackElo "2046"]

1. e4 e5 2. Nf3 Nf6 3. d4 exd4 4. e5 Ne4 5. Qxd4 d5 6. exd6 Nxd6 7. Nc3 Nc6 8.
Qf4 g6 9. Bd2 Bg7 10. O-O-O O-O 0-1

[Event "AUTO-OPEN-1084"]
[Site "http://www.queenalice.com/game.php?id=452144"]
[Date "2008.8.22"]
[Round "2"]
[White "REUSKING"]
[Black "pnasc"]
[Result "1-0"]
[WhiteElo "2027"]
[BlackElo "2102"]

1. e4 c5 2. Nf3 d6 3. d4 cxd4 4. Nxd4 Nf6 5. Nc3 a6 6. a4 e5 7. Nb3 Be6 8. Nd2
Nbd7 9. Bc4 Nb6 10. Bxe6 fxe6 11. O-O 1-0